[Event "Belgrade City-chT"]
[Site "Belgrade"]
[Date "2013.11.13"]
[Round "9"]
[White "Jeremic, Milan"]
[Black "Bura, Radovan"]
[Result "1-0"]
[WhiteElo "2147"]
[BlackElo "2183"]
[PlyCount "134"]
[EventDate "2013.10.26"]
[EventType "team-tourn"]
[EventRounds "11"]
[EventCountry "SRB"]
[SourceTitle "EXT 2015"]
[Source "ChessBase"]
[SourceDate "2014.11.20"]
[SourceVersion "1"]
[SourceVersionDate "2014.11.20"]
[SourceQuality "1"]

1. d4 Nf6 2. Nf3 d5 3. g3 e6 4. Bg2 Be7 5. 0-0 0-0 6. Bg5 c5 7. c3 Ne4 8. Bxe7 Qxe7 9. Nbd2 cxd4 10. Nxe4 dxe4 11. Nxd4 f5 12. f3 e5 13. Nb3 exf3 14. exf3 Nc6 15. Re1 Be6 16. Qe2 a6 17. Qf2 Bxb3 18. axb3 Rad8 19. Bf1 Rf6 20. Bc4+ Kh8 21. b4 Rfd6 22. Re2 Rd1+ 23. Rxd1 Rxd1+ 24. Kg2 Rd8 25. Qe3 h6 26. b5 Na5 27. Ba2 axb5 28. Qb6 Nc6 29. Qxb5 Qd7 30. Bb1 g6 31. Bc2 Kg7 32. b4 Qe7 33. Qb6 Rd6 34. Qe3 h5 35. Ba4 Re6 36. Bb3 Rd6 37. h4 Rd8 38. Ba4 Rd6 39. Bxc6 Rxc6 40. Qxe5+ Qxe5 41. Rxe5 Rxc3 42. Re7+ Kf6 43. Rxb7 Rc2+ 44. Kf1 Rb2 45. Rb5 Kf7 46. Rb6 Kg7 47. b5 Kf7 48. Rb8 Kg7 49. b6 Kh7 50. Ke1 f4 51. gxf4 Rb4 52. b7 Rb2 53. Kd1 Kg7 54. Kc1 Rb6 55. Kc2 Rb4 56. Kc3 Rb1 57. f5 gxf5 58. Kd4 f4 59. Ke5 Rb5+ 60. Ke6 Rb1 61. Re8 Rb6+ 62. Kf5 Rxb7 63. Re6 Rb3 64. Kxf4 Ra3 65. Re3 Ra4+ 66. Re4 Ra3 67. Rd4 Kf6 1-0